| 000 | 00349nam a22001337a 4500 | ||
|---|---|---|---|
| 999 |
_c16918 _d16918 |
||
| 008 | 180706b xxu||||| |||| 00| 0 eng d | ||
| 020 | _a8184111354 | ||
| 100 | _aKathuria, Anil | ||
| 245 |
_aHotel Management _cAnil Kathuria |
||
| 260 |
_aIndia _bSonali Publications _c2008 |
||
| 300 | _avi, 298p. | ||
| 650 | _aHotel Management | ||
| 942 |
_2lcc _cBK |
||